[Event "VI Floripa Open 2020"]
[Site "Florianopolis"]
[Date "2020.01.21"]
[Round "2.17"]
[White "Cadilhac, Igor Tokuichi Kikuch"]
[Black "Federzoni, Enzo"]
[Result "0-1"]
[WhiteElo "2349"]
[BlackElo "2118"]
[Annotator "TA"]
[PlyCount "138"]
[EventDate "2020.01.20"]
[EventType "swiss"]
[EventRounds "10"]
[EventCountry "BRA"]
[SourceTitle "playchess.com"]
[Source "ChessBase"]
[SourceQuality "1"]

{[%evp 18,146,0,-1,0,-17,-18,-38,-43,-116,-112,-112,-90,-61,-87,-108,0,-19,135,125,126,113,130,139,134,128,127,94,108,111,108,87,90,91,154,102,179,0,0,-181,-167,-148,-60,-250,-210,-247,-246,-388,0,0,0,-24,0,0,0,-28,-31,-65,0,0,0,0,0,0,0,-18,0,0,0,-20,0,-7,0,-27,0,0,0,0,0,0,0,0,0,0,0,0,0,0,0,0,0,0,0,0,0,0,0,0,0,0,0,-48,-41,-312,-95,-312,-312,-10907,-1489,-29962,-29966,-29967,-29969,-29966,-892,-29968,-29972,-29976,-29972,-29959,-660,-29979,-29980,-29976,-8752,-29986,-29985,-29987,-29988,-29990,-29991]} 1. e4 c5 2. Nf3 e6 3. d4 cxd4 4. Nxd4 Nf6 5. Nc3 d6 6. f4 Nc6 7. Be3 Be7 8. Qf3 e5 9. Nf5 Bxf5 10. exf5 Nd4 {B82: Sicilian Scheveningen: 6 f4.} 11. Bxd4 exd4 12. Nb5 Qa5+ {Black is slightly better.} 13. Kd1 (13. c3 $1 $15) 13... O-O 14. Nxd4 {[%cal Bb5d4,Bd4c2,Bc2b4,Bb4d5][%mdl 32]} (14. Qxb7 $2 Ng4 $19) 14... d5 15. Bd3 {[#]} Rfe8 $146 ({Predecessor:} 15... Ne4 16. Nb3 Qb6 17. Kc1 Rfe8 18. Rd1 Rac8 19. Kb1 Bf6 20. a4 Qb4 21. g4 h6 {0-1 (46) Hamdouchi,H (2480)-Lepelletier,B (2245) Cannes 1994}) 16. c3 Ne4 (16... Qb6 $17 17. Nb3 d4 $1 {[%mdl 512]}) 17. Re1 $11 Nxc3+ $2 (17... Bf6 $11 18. Bxe4 dxe4 19. Rxe4 Rad8 20. Rxe8+ Rxe8) 18. bxc3 $16 Qxc3 {[%mdl 64] ( -> ...Bb4). Double Attack} 19. Nc2 {aiming for Bb5.} Bb4 {[%csl Gb4][%cal Rc3d2]} 20. Re2 d4 21. Rc1 Rac8 {Threatens to win with ...Re3.} 22. Rb1 $1 {[%cal Rb1b4] [#]} Re3 $1 {[%mdl 512]} 23. Nxb4 (23. Nxe3 Qxd3+) 23... Rxf3 24. gxf3 Qa3 25. Be4 Rc3 (25... Kf8 $142) 26. Nd5 (26. Bxb7 $6 Rd3+ 27. Ke1 Re3 $14) (26. Nc2 $142 Qxa2 27. Rxb7) 26... d3 (26... Rc4 $16) 27. Rd2 $2 ({White should play} 27. Re3 $1 $18 Qa4+ 28. Ke1 d2+ 29. Kxd2 Rxe3 30. Kxe3) 27... Qc5 $1 $11 {[%cal Rc5g1]} 28. Bxd3 $2 (28. Rg2 $11 {and White is okay.} Rc2 29. Rxb7 Rc1+ 30. Kd2 Rc2+ 31. Ke1) 28... Qxd5 $19 {[%mdl 64] Double Attack} 29. Be4 Qa5 {[#] ...g6 is the strong threat.} 30. Rxb7 $2 (30. Rb5 $1 $15 {[%mdl 512]} Qc7 (30... Qxb5 31. Rd8+) 31. Rxb7 Rc1+ 32. Ke2 Qc4+ 33. Kf2) 30... Rc8 31. Bd5 Rd8 32. Ke2 ({But not} 32. Bxf7+ Kf8 $1 {[%mdl 512]}) (32. Rb3 $142) 32... h6 $2 (32... Kf8 $19 33. Rxf7+ Ke8 34. Rxg7 Rxd5) 33. Bxf7+ $11 {[#]} Kf8 $1 {[%mdl 512]} 34. Rxd8+ Qxd8 {[%mdl 4096] Endgame KQ-KRB} 35. Be6 Qh4 36. Rb8+ Ke7 37. Rb7+ {[%mdl 64] Double Attack} Kf8 (37... Kd6 $1 $15 38. Rd7+ (38. Rxa7 Qxh2+ 39. Kf1 Qxf4 $17) (38. Rxg7 Qxf4 39. Rg2 h5 $17) 38... Kc6) 38. Rf7+ Ke8 39. Rxg7 Qxf4 40. Rxa7 Qxh2+ 41. Kd3 Qd6+ 42. Ke4 Qb4+ 43. Kd3 Qd6+ 44. Ke4 Qb4+ 45. Kd3 Qb5+ 46. Kd2 {And now Bd7+ would win.} Qb2+ 47. Kd3 Qb1+ 48. Kd2 Qb6 49. Rh7 Qf2+ 50. Kd3 Qxf3+ 51. Kd4 h5 52. Ke5 Qc3+ 53. Kf4 Qd2+ 54. Ke5 {Threatening mate with Rh8+.} Qc3+ 55. Kf4 Qd2+ 56. Ke5 Qc3+ 57. Kf4 Qd2+ 58. Ke5 {Intending Rh8+ and mate.} Qc3+ 59. Ke4 h4 {[%mdl 1024] Black has compensation.} 60. Kf4 $2 {[%mdl 8192]} (60. a4 $1 $15) 60... Qg3+ $1 $19 61. Ke4 {If White can now play Kd5 this consolidates a bit.} h3 62. Rh8+ $2 (62. Bd5) 62... Ke7 63. Rh7+ Kd6 64. Rd7+ Kc6 65. Rh7 Qg2+ (65... h2 $142 66. Bd5+ Kc5 67. Bb3 Qg4+ 68. Ke5 Qd4+ 69. Ke6 Qe4+ 70. Kf6 h1=Q 71. Rxh1 Qxh1 72. Kg7 Qh5 73. Kf6 Qh4+ 74. Kg6 Qg4+ 75. Kh6 Qxf5 76. Kg7 Kd6 77. Bc2 Qxc2 78. Kf6 Qg2 79. Kf5 Qf3+ 80. Kg6 Ke6 81. Kh6 Qg3 82. Kh7 Kf6 83. Kh8 Qg7#) 66. Ke5 h2 67. Bc8 Qd5+ 68. Kf4 Kb6 (68... Qc4+ $142 69. Ke5 {[#]} Qg8 $1 {[%mdl 512]} 70. Rh6+ Kc5 $1 {[%mdl 512]} 71. Rh3 Qg2 72. Rh7 h1=Q 73. Rxh1 Qxh1 74. f6 Qh2+ 75. Kf5 Qh3+ 76. Ke5 Qxc8 77. a3 Qe8+ 78. Kf5 Kd4 79. a4 Qe4+ 80. Kg5 Qe6 81. f7 Qxf7 82. Kg4 Ke4 83. Kg3 Ke3 84. Kh3 Qg6 85. a5 Kf3 86. Kh4 Qh6#) 69. Rh6+ {[#]} Kc5 {Played: Kb6-c7} 0-1

[Event "VI Floripa Open 2020"]
[Site "Florianopolis"]
[Date "2020.01.21"]
[Round "2.18"]
[White "Gruettner, Ralf"]
[Black "Aranha Filho, Alvaro Z."]
[Result "1-0"]
[WhiteElo "2099"]
[BlackElo "2340"]
[Annotator "ChessBase"]
[PlyCount "30"]
[EventDate "2020.01.20"]
[EventType "swiss"]
[EventRounds "10"]
[EventCountry "BRA"]
[SourceTitle "playchess.com"]
[Source "ChessBase"]
[SourceQuality "1"]
[TimeControl "5400+30"]

1. d4 Nf6 2. c4 c5 3. d5 b5 4. cxb5 a6 5. e3 g6 6. Nc3 axb5 7. Bxb5 Bg7 8. Nf3 O-O 9. O-O Ba6 10. a4 d6 11. Re1 Bxb5 12. Nxb5 Nfd7 13. Qc2 Na6 14. Nd2 Qa5 15. Nc3 Rfe8 {ilegivel} 1-0

[Event "VI Floripa Open 2020"]
[Site "Florianopolis"]
[Date "2020.01.21"]
[Round "2.19"]
[White "Rodrigues, Edgar"]
[Black "De Carvalho, Christopher"]
[Result "1-0"]
[WhiteElo "2328"]
[BlackElo "2100"]
[Annotator "ChessBase"]
[PlyCount "47"]
[EventDate "2020.01.20"]
[EventType "swiss"]
[EventRounds "10"]
[EventCountry "BRA"]
[SourceTitle "playchess.com"]
[Source "ChessBase"]
[SourceQuality "1"]
[TimeControl "5400+30"]

1. e4 e5 2. Nf3 Nc6 3. d4 exd4 4. Nxd4 Nf6 5. Nxc6 bxc6 6. e5 Qe7 7. Qe2 Nd5 8. c4 Nb6 9. Nd2 Ba6 10. b3 Qe6 11. Bb2 Bb4 12. O-O-O O-O 13. f4 Qe7 14. Ne4 Ba3 15. Qc2 Rab8 16. c5 Bxb2+ 17. Kxb2 Bxf1 18. cxb6 Ba6 19. bxc7 Rb5 20. g4 f6 21. exf6 gxf6 22. Nd6 Rb4 23. Rhe1 Qg7 24. Nf5 1-0

[Event "VI Floripa Open 2020"]
[Site "Florianopolis"]
[Date "2020.01.21"]
[Round "2.20"]
[White "Urquiza, Marcello de Albuquer"]
[Black "Oliveira, Silvio Eduardo"]
[Result "1/2-1/2"]
[WhiteElo "2079"]
[BlackElo "2300"]
[Annotator "ChessBase"]
[PlyCount "92"]
[EventDate "2020.01.20"]
[EventType "swiss"]
[EventRounds "10"]
[EventCountry "BRA"]
[SourceTitle "playchess.com"]
[Source "ChessBase"]
[SourceQuality "1"]
[TimeControl "5400+30"]

1. e4 c5 2. Nf3 d6 3. d4 cxd4 4. Qxd4 Nc6 5. Bb5 Bd7 6. Bxc6 Bxc6 7. Nc3 Nf6 8. Bg5 e6 9. Bxf6 Qxf6 10. Qxf6 gxf6 11. Nd4 Rc8 12. Nxc6 Rxc6 13. O-O-O Ke7 14. g3 Bh6+ 15. f4 Rhc8 16. Rhf1 Rc5 17. Rd4 Bg7 18. f5 a6 19. a4 h5 20. Rb4 Bh6+ 21. Kd1 R8c7 22. Ke2 Rd7 23. Kd3 Re5 24. Rf2 d5 25. exd5 exd5 26. Rf3 Kd6 27. Rh4 Bc1 28. b3 Rde7 29. Rxh5 Kc5 30. b4+ Kd6 31. Rh8 Kc7 32. h4 d4 33. Kxd4 Bb2 34. Kc4 b5+ 35. axb5 Bxc3 36. Rxc3 axb5+ 37. Kb3+ Kb7 38. Rc5 Rxc5 39. bxc5 Kc6 40. g4 Re3+ 41. c3 Rh3 42. Re8 Kd5 43. Rg8 Kxc5 44. h5 Rh4 45. h6 Rh3 46. Rh8 Kd6 1/2-1/2

[Event "VI Floripa Open 2020"]
[Site "Florianopolis"]
[Date "2020.01.21"]
[Round "2.21"]
[White "Guimaraes, Diogo Duarte"]
[Black "Torella, Rodolfo"]
[Result "0-1"]
[WhiteElo "2292"]
[BlackElo "2091"]
[Annotator "ChessBase"]
[PlyCount "70"]
[EventDate "2020.01.20"]
[EventType "swiss"]
[EventRounds "10"]
[EventCountry "BRA"]
[SourceTitle "playchess.com"]
[Source "ChessBase"]
[SourceQuality "1"]
[TimeControl "5400+30"]

1. d4 d5 2. c4 e6 3. Nc3 Nf6 4. Nf3 c6 5. Bg5 h6 6. Bxf6 Qxf6 7. e3 Nd7 8. Be2 g6 9. O-O Bg7 10. e4 dxe4 11. Nxe4 Qe7 12. Re1 O-O 13. Qc2 e5 14. d5 f5 15. Nc3 e4 16. Bf1 Qd6 17. dxc6 bxc6 18. Rad1 Qc5 19. Na4 Qa5 20. Nd2 Nc5 21. Nxc5 Qxc5 22. Nb3 Qb4 23. c5 Be6 24. f3 Bd5 25. fxe4 fxe4 26. Nd2 Rae8 27. a3 Qxb2 28. Qxb2 Bxb2 29. Nc4 Rxf1+ 30. Rxf1 Bxc4 31. Rf2 Bxa3 32. Rf6 Bxc5+ 33. Kh1 e3 34. Rxg6+ Kh7 35. Rxc6 e2 0-1

[Event "VI Floripa Open 2020"]
[Site "Florianopolis"]
[Date "2020.01.21"]
[Round "2.22"]
[White "Souza Neves, Andrey M."]
[Black "Menna Barreto, Luiz Ney"]
[Result "1/2-1/2"]
[WhiteElo "2068"]
[BlackElo "2283"]
[Annotator "ChessBase"]
[PlyCount "44"]
[EventDate "2020.01.20"]
[EventType "swiss"]
[EventRounds "10"]
[EventCountry "BRA"]
[SourceTitle "playchess.com"]
[Source "ChessBase"]
[SourceQuality "1"]
[TimeControl "5400+30"]

1. d4 e6 2. c4 Nf6 3. Nc3 d5 4. cxd5 exd5 5. Bg5 c6 6. e3 Be7 7. Bd3 Bg4 8. Qc2 Bh5 9. Nf3 Bg6 10. Ne5 Bxd3 11. Nxd3 Nbd7 12. O-O O-O 13. Bxf6 Nxf6 14. b4 Rc8 15. Rab1 Re8 16. Ne5 Bd6 17. f4 Qe7 18. Qb3 a6 19. Rfe1 Qe6 20. Qc2 Qe7 21. Qb3 Qe6 22. Qc2 Qe7 1/2-1/2

[Event "VI Floripa Open 2020"]
[Site "Florianopolis"]
[Date "2020.01.21"]
[Round "2.23"]
[White "Manzi, Luiz Antonio Bardaro"]
[Black "Matsuura, Frederico"]
[Result "0-1"]
[WhiteElo "2059"]
[BlackElo "2272"]
[Annotator "ChessBase"]
[PlyCount "84"]
[EventDate "2020.01.20"]
[EventType "swiss"]
[EventRounds "10"]
[EventCountry "BRA"]
[SourceTitle "playchess.com"]
[Source "ChessBase"]
[SourceQuality "1"]
[TimeControl "5400+30"]

1. Nf3 Nf6 2. g3 b5 3. Bg2 Bb7 4. O-O e6 5. d4 c5 6. e3 Be7 7. Nbd2 O-O 8. Re1 Qb6 9. c3 d6 10. e4 cxd4 11. Nxd4 Nbd7 12. Qe2 Ba6 13. b4 Rac8 14. Bb2 Rfe8 15. Bf1 e5 16. Nf5 Bf8 17. a4 d5 18. axb5 Bb7 19. exd5 Nxd5 20. Nc4 Qf6 21. Rxa7 Ba8 22. Nfe3 Nf4 23. Qg4 Nb6 24. Ra6 h5 25. Qd1 Red8 26. Qb3 Rxc4 27. Nxc4 Bd5 28. Rxb6 Nh3+ 29. Bxh3 Qf3 30. Kf1 Qh1+ 31. Ke2 Qe4+ 32. Kf1 Bxc4+ 33. Qxc4 Qxc4+ 34. Kg1 Qb3 35. Re2 Rd1+ 36. Kg2 Rb1 37. Rc6 Qd1 38. Kf3 Rxb2 39. Bf1 f5 40. Ke3 f4+ 41. gxf4 exf4+ 42. Kf3 Qd3+ 0-1

[Event "VI Floripa Open 2020"]
[Site "Florianopolis"]
[Date "2020.01.21"]
[Round "2.24"]
[White "Gazel, Frederico"]
[Black "Pereira, Geanfrancesco"]
[Result "1/2-1/2"]
[WhiteElo "2267"]
[BlackElo "2078"]
[Annotator "ChessBase"]
[PlyCount "51"]
[EventDate "2020.01.20"]
[EventType "swiss"]
[EventRounds "10"]
[EventCountry "BRA"]
[SourceTitle "playchess.com"]
[Source "ChessBase"]
[SourceQuality "1"]
[TimeControl "5400+30"]

1. Nc3 c5 2. Nf3 Nc6 3. e4 g6 4. d4 cxd4 5. Nxd4 Bg7 6. Be3 Nf6 7. Be2 O-O 8. Nb3 d6 9. O-O Be6 10. f4 Rc8 11. Bf3 a6 12. a4 Na5 13. Nxa5 Qxa5 14. Bd4 Rfd8 15. Kh1 Bc4 16. Rf2 e5 17. Be3 exf4 18. Bxf4 Qb6 19. Qe1 Nd7 20. Nd1 Ne5 21. Be3 Qc6 22. Nc3 Nxf3 23. Rxf3 d5 24. exd5 Bxd5 25. Nxd5 Qxd5 26. c3 1/2-1/2

[Event "VI Floripa Open 2020"]
[Site "Florianopolis"]
[Date "2020.01.21"]
[Round "2.25"]
[White "Sekula, Markley Ribas"]
[Black "Viana Da Costa, Fernando"]
[Result "0-1"]
[WhiteElo "2056"]
[BlackElo "2265"]
[Annotator "ChessBase"]
[PlyCount "102"]
[EventDate "2020.01.20"]
[EventType "swiss"]
[EventRounds "10"]
[EventCountry "BRA"]
[SourceTitle "playchess.com"]
[Source "ChessBase"]
[SourceQuality "1"]
[TimeControl "5400+30"]

1. e4 c5 2. c3 Nf6 3. e5 Nd5 4. Bc4 Nb6 5. Bb3 Nc6 6. Nf3 d5 7. exd6 e6 8. Na3 Bxd6 9. d4 O-O 10. Nb5 Be7 11. O-O c4 12. Bc2 a6 13. Na3 Bxa3 14. bxa3 Nd5 15. Bd2 h6 16. a4 Bd7 17. Qe2 b5 18. a3 Qe7 19. Rfe1 Rfc8 20. g4 Qd6 21. g5 hxg5 22. Nxg5 Nf6 23. Qf3 Ne7 24. Bf4 Qd5 25. Ne4 Bc6 26. Nxf6+ gxf6 27. Be4 Qd7 28. Qg3+ Kf8 29. Bh6+ Ke8 30. Qg7 Qb7 31. Bxc6+ Qxc6 32. d5 Nxd5 33. Qf8+ Kd7 34. Qxf7+ Kd8 35. Rxe6 Qd7 36. Qf8+ Kc7 37. Qc5+ Kb7 38. Qd6 Qxd6 39. Rxd6 Nxc3 40. axb5 axb5 41. Be3 Ra6 42. Rxa6 Kxa6 43. Kf1 Rh8 44. Kg2 Nd5 45. Bc5 Kb7 46. Re1 Kc6 47. Bd4 Rh4 48. Bxf6 Nxf6 49. Re6+ Kd5 50. Rxf6 c3 51. Rb6 c2 0-1

[Event "VI Floripa Open 2020"]
[Site "Florianopolis"]
[Date "2020.01.21"]
[Round "2.26"]
[White "De Borba, Guilherme"]
[Black "Maia, Jose Eduardo Bastos "]
[Result "1-0"]
[WhiteElo "2263"]
[BlackElo "2070"]
[Annotator "ChessBase"]
[PlyCount "81"]
[EventDate "2020.01.20"]
[EventType "swiss"]
[EventRounds "10"]
[EventCountry "BRA"]
[SourceTitle "playchess.com"]
[Source "ChessBase"]
[SourceQuality "1"]
[TimeControl "5400+30"]

1. e4 e5 2. Nf3 Nc6 3. Bb5 a6 4. Ba4 Nf6 5. d3 d6 6. c3 Be7 7. O-O O-O 8. Re1 b5 9. Bb3 Na5 10. Bc2 c5 11. Nbd2 Re8 12. Nf1 Bf8 13. a4 Bb7 14. Ng3 g6 15. d4 cxd4 16. cxd4 exd4 17. Nxd4 Qb6 18. b3 Bg7 19. Bb2 d5 20. e5 Nd7 21. f4 bxa4 22. Rxa4 Nc5 23. Ra2 Ne6 24. f5 Nc7 25. f6 Bf8 26. Kh1 Nc6 27. e6 Nxe6 28. Nxe6 Rxe6 29. Rxe6 fxe6 30. Qg4 Kf7 31. Qh3 Qf2 32. Qxh7+ Ke8 33. Bxg6+ Kd8 34. Bd3 Bc5 35. Ra1 Qxb2 36. Rb1 Qd2 37. Qxb7 Rc8 38. Bxa6 Rc7 39. Qa8+ Kd7 40. f7 Nd8 41. Bb5+ 1-0

[Event "VI Floripa Open 2020"]
[Site "Florianopolis"]
[Date "2020.01.21"]
[Round "2.27"]
[White "Filgueiras, Nathan Felipe"]
[Black "Campos, Alexandre Ferreira"]
[Result "1-0"]
[WhiteElo "2257"]
[BlackElo "2056"]
[Annotator "ChessBase"]
[PlyCount "53"]
[EventDate "2020.01.20"]
[EventType "swiss"]
[EventRounds "10"]
[EventCountry "BRA"]
[SourceTitle "playchess.com"]
[Source "ChessBase"]
[SourceQuality "1"]
[TimeControl "5400+30"]

1. e4 e5 2. Nf3 Nc6 3. Bc4 Be7 4. d4 d6 5. h3 Nf6 6. Nc3 O-O 7. O-O exd4 8. Nxd4 Ne5 9. Be2 c5 10. Nb3 Be6 11. f4 Nc6 12. Bf3 Bxb3 13. axb3 Nd4 14. Be3 Nxf3+ 15. Qxf3 Qc7 16. g4 h6 17. h4 Qd7 18. g5 hxg5 19. hxg5 Qg4+ 20. Qg2 Qxg2+ 21. Kxg2 Nd7 22. Nd5 Bd8 23. Rh1 f5 24. Rh3 fxe4 25. g6 Rf6 26. f5 Ne5 27. Nxf6+ 1-0

[Event "VI Floripa Open 2020"]
[Site "Florianopolis"]
[Date "2020.01.21"]
[Round "2.28"]
[White "Takano, Nicholas Ryo"]
[Black "Abdalla, Luiz Guilherme Aurel"]
[Result "0-1"]
[WhiteElo "2041"]
[BlackElo "2248"]
[Annotator "ChessBase"]
[PlyCount "48"]
[EventDate "2020.01.20"]
[EventType "swiss"]
[EventRounds "10"]
[EventCountry "BRA"]
[SourceTitle "playchess.com"]
[Source "ChessBase"]
[SourceQuality "1"]
[TimeControl "5400+30"]

1. e4 c5 2. Nf3 e6 3. d4 cxd4 4. Nxd4 Nf6 5. Nc3 d6 6. Be3 Nc6 7. f3 a6 8. Qd2 Be7 9. O-O-O O-O 10. g4 Nd7 11. h4 Nxd4 12. Bxd4 b5 13. Kb1 Bb7 14. a3 Rc8 15. Rg1 Ne5 16. Qg2 Nc6 17. Be3 b4 18. Na2 bxa3 19. b3 a5 20. g5 Nb4 21. Nxb4 axb4 22. Bd4 Qc7 23. Ba1 a2+ 24. Kc1 Qc3 0-1

[Event "VI Floripa Open 2020"]
[Site "Florianopolis"]
[Date "2020.01.21"]
[Round "2.29"]
[White "Miguel, Gabriel Carvalho Mor"]
[Black "Tomiello, Lucas Costamilan"]
[Result "1-0"]
[WhiteElo "2245"]
[BlackElo "2039"]
[Annotator "ChessBase"]
[PlyCount "113"]
[EventDate "2020.01.20"]
[EventType "swiss"]
[EventRounds "10"]
[EventCountry "BRA"]
[SourceTitle "playchess.com"]
[Source "ChessBase"]
[SourceQuality "1"]
[TimeControl "5400+30"]

1. e4 c5 2. Nf3 d6 3. Bb5+ Nd7 4. d4 cxd4 5. Qxd4 a6 6. Bxd7+ Bxd7 7. c4 e5 8. Qd3 b5 9. Nc3 bxc4 10. Qxc4 Be6 11. Qd3 h6 12. O-O Nf6 13. b3 Be7 14. Bb2 O-O 15. Rfd1 Qb6 16. Nd2 Rfc8 17. Nf1 Qb4 18. f3 Rab8 19. Ne3 g6 20. Rd2 a5 21. Rad1 Rc6 22. Ncd5 Bxd5 23. exd5 Rc5 24. Qa6 Rcc8 25. Kh1 Nd7 26. Qe2 a4 27. Nc2 Qh4 28. g3 Qh5 29. b4 Bg5 30. g4 Qh3 31. Rd3 Bf4 32. a3 Bxh2 33. Bc3 Bf4+ 34. Kg1 Rc7 35. Ne1 Rbc8 36. Bd2 Qg3+ 37. Kf1 Bxd2 38. R3xd2 Nf6 39. Rd3 h5 40. gxh5 Nxh5 41. Ng2 Qg5 42. Kf2 Rc2 43. R1d2 Qg3+ 44. Ke3 R2c3 45. Rxc3 Rxc3+ 46. Rd3 Rxd3+ 47. Kxd3 Qxg2 48. Qxg2 Nf4+ 49. Kd2 Nxg2 50. b5 e4 51. fxe4 Nh4 52. Ke2 Ng2 53. b6 Nf4+ 54. Ke3 Ng2+ 55. Kf2 Nf4 56. b7 Nd3+ 57. Ke3 1-0

[Event "VI Floripa Open 2020"]
[Site "Florianopolis"]
[Date "2020.01.21"]
[Round "2.30"]
[White "Chang, Suzana"]
[Black "Zallio, Luciano de Souza"]
[Result "1-0"]
[WhiteElo "2010"]
[BlackElo "2245"]
[Annotator "ChessBase"]
[PlyCount "81"]
[EventDate "2020.01.20"]
[EventType "swiss"]
[EventRounds "10"]
[EventCountry "BRA"]
[SourceTitle "playchess.com"]
[Source "ChessBase"]
[SourceQuality "1"]
[TimeControl "5400+30"]

1. e4 e6 2. d4 d5 3. exd5 exd5 4. Bd3 Bd6 5. h3 Nc6 6. Nf3 Nge7 7. O-O Be6 8. c3 Qd7 9. Ng5 Bf5 10. Bxf5 Nxf5 11. Re1+ Nce7 12. a4 h6 13. Nf3 g5 14. Na3 c6 15. Ne5 Qc7 16. Qh5 Bxe5 17. Rxe5 Ng7 18. Qe2 f6 19. Re3 Kf7 20. Qd3 Nef5 21. Re2 Rae8 22. Bd2 Rxe2 23. Qxe2 Nd6 24. f3 h5 25. Rf1 Ndf5 26. Qf2 Nd6 27. Re1 Re8 28. Nc2 Ndf5 29. Rxe8 Kxe8 30. Qe1+ Kf7 31. Nb4 Ne6 32. Nd3 Qb6 33. Qb1 Ng3 34. Be3 Ne2+ 35. Kf2 Nxc3 36. Qc2 Na2 37. Nc5 Kg7 38. h4 gxh4 39. b3 Nb4 40. Qc3 Qc7 41. Qxb4 1-0

[Event "VI Floripa Open 2020"]
[Site "Florianopolis"]
[Date "2020.01.21"]
[Round "2.31"]
[White "Larrea, Manuel"]
[Black "Lage, Pedro Ferreira"]
[Result "0-1"]
[WhiteElo "2235"]
[BlackElo "2038"]
[Annotator "ChessBase"]
[PlyCount "52"]
[EventDate "2020.01.20"]
[EventType "swiss"]
[EventRounds "10"]
[EventCountry "BRA"]
[SourceTitle "playchess.com"]
[Source "ChessBase"]
[SourceQuality "1"]
[TimeControl "5400+30"]

1. e4 e6 2. d4 d5 3. Nc3 Bb4 4. e5 c5 5. a3 Bxc3+ 6. bxc3 Ne7 7. Qg4 Qc7 8. Qxg7 Rg8 9. Qxh7 cxd4 10. Ne2 Nbc6 11. f4 dxc3 12. Qd3 d4 13. Nxd4 Nxd4 14. Qxd4 Bd7 15. Rb1 Nf5 16. Qf2 Qc6 17. Rb4 Qd5 18. Rg1 Bc6 19. g4 O-O-O 20. Bd3 Nd4 21. Kf1 Rh8 22. h4 Nf3 23. Re4 Nxg1 24. Kxg1 Bb5 25. Re3 Bxd3 26. Rxd3 Qc6 0-1

[Event "VI Floripa Open 2020"]
[Site "Florianopolis"]
[Date "2020.01.21"]
[Round "2.32"]
[White "Japiassu, Ricardo De Villa Nov"]
[Black "Terao, Juliana Sayumi"]
[Result "0-1"]
[WhiteElo "1994"]
[BlackElo "2232"]
[Annotator "ChessBase"]
[PlyCount "114"]
[EventDate "2020.01.20"]
[EventType "swiss"]
[EventRounds "10"]
[EventCountry "BRA"]
[SourceTitle "playchess.com"]
[Source "ChessBase"]
[SourceQuality "1"]
[TimeControl "5400+30"]

1. c4 c5 2. g3 g6 3. Bg2 Bg7 4. Nc3 Nc6 5. Nf3 d6 6. O-O e5 7. a3 Nge7 8. d3 O-O 9. Rb1 a5 10. Bd2 h6 11. Ne1 Be6 12. Nc2 d5 13. cxd5 Nxd5 14. Ne3 Nde7 15. Nc4 Rb8 16. Nb5 b6 17. Qa4 Bd7 18. Qc2 Nf5 19. b4 axb4 20. axb4 Nxb4 21. Bxb4 Bxb5 22. Bc3 Bxc4 23. dxc4 Nd6 24. Rfd1 Qe7 25. Bd5 b5 26. Qxg6 Nxc4 27. Bxc4 bxc4 28. Qe4 Qe6 29. Rxb8 Rxb8 30. Rd5 Bf8 31. Kg2 Rb3 32. Rxe5 Qa6 33. Qg4+ Kh7 34. Qf5+ Qg6 35. Qf3 Bg7 36. Re3 Bxc3 37. Rxc3 Rxc3 38. Qxc3 Qe6 39. h4 Qxe2 40. Qf6 Qe4+ 41. Kh2 Qe6 42. Qf3 Kg7 43. Qc3+ Qf6 44. Qc2 c3 45. Kg1 Qd4 46. Kf1 c4 47. Ke2 Kf6 48. Qh7 Qd2+ 49. Kf3 Qd3+ 50. Qxd3 cxd3 51. Ke3 d2 52. Ke2 Ke5 53. Kd1 Kd4 54. Ke2 Kc4 55. g4 Kb3 56. g5 hxg5 57. hxg5 Kc2 0-1

[Event "VI Floripa Open 2020"]
[Site "Florianopolis"]
[Date "2020.01.21"]
[Round "2.33"]
[White "Guimaraes, Wagner Peixoto"]
[Black "Medrano, Mario"]
[Result "1/2-1/2"]
[WhiteElo "2230"]
[BlackElo "2032"]
[Annotator "ChessBase"]
[PlyCount "82"]
[EventDate "2020.01.20"]
[EventType "swiss"]
[EventRounds "10"]
[EventCountry "BRA"]
[SourceTitle "playchess.com"]
[Source "ChessBase"]
[SourceQuality "1"]
[TimeControl "5400+30"]

1. d4 Nf6 2. Bg5 Ne4 3. Bf4 d5 4. e3 c6 5. Nd2 Nxd2 6. Qxd2 e6 7. Bd3 Bd6 8. Bg3 Qe7 9. Nf3 Nd7 10. e4 dxe4 11. Bxd6 Qxd6 12. Bxe4 h6 13. O-O O-O 14. c3 b6 15. Rad1 Bb7 16. Rfe1 Rad8 17. Qe3 Qb8 18. Ne5 Nxe5 19. dxe5 Rxd1 20. Rxd1 Rd8 21. Rxd8+ Qxd8 22. Qd4 Qc7 23. f4 Kf8 24. a4 c5 25. Qc4 Bxe4 26. Qxe4 Qd7 27. h3 Qd5 28. Qxd5 exd5 29. f5 h5 30. g4 hxg4 31. hxg4 f6 32. e6 a5 33. Kf2 Ke7 34. Ke3 Kd6 35. Kf4 Ke7 36. Ke3 Kd6 37. Kd3 Ke7 38. Kc2 Kd6 39. b4 Ke7 40. bxc5 bxc5 41. Kd3 Kd6 1/2-1/2

[Event "VI Floripa Open 2020"]
[Site "Florianopolis"]
[Date "2020.01.21"]
[Round "2.34"]
[White "Reichert, Thiago Da Cruz"]
[Black "Do Valle Cardoso, Lucas"]
[Result "1/2-1/2"]
[WhiteElo "1948"]
[BlackElo "2228"]
[Annotator "ChessBase"]
[PlyCount "117"]
[EventDate "2020.01.20"]
[EventType "swiss"]
[EventRounds "10"]
[EventCountry "BRA"]
[SourceTitle "playchess.com"]
[Source "ChessBase"]
[SourceQuality "1"]
[TimeControl "5400+30"]

1. d4 Nf6 2. c4 e6 3. Nc3 Bb4 4. Bd2 O-O 5. e3 d5 6. Nf3 c5 7. a3 Bxc3 8. bxc3 dxc4 9. Bxc4 b6 10. Qe2 Bb7 11. O-O Qc7 12. Ne5 Nc6 13. Nxc6 Bxc6 14. f3 Rfd8 15. Be1 Rac8 16. Bg3 Qe7 17. Rfc1 Bb7 18. h3 Ne8 19. a4 Nd6 20. Bd3 Nf5 21. Bf4 cxd4 22. cxd4 h6 23. a5 Rxc1+ 24. Rxc1 bxa5 25. Rc5 Rc8 26. Rxc8+ Bxc8 27. Qc2 Qd7 28. Bxf5 exf5 29. Qc5 a4 30. Bc7 a6 31. Ba5 Bb7 32. Bb4 Bd5 33. Kf2 Qb5 34. Kg3 Qxc5 35. Bxc5 g5 36. Kf2 f6 37. g3 Kf7 38. h4 Ke6 39. f4 Bc4 40. hxg5 fxg5 41. fxg5 hxg5 42. Ke1 Kd5 43. Kd2 Ke4 44. Be7 g4 45. Bd6 Kf3 46. Kc3 Bd5 47. Kb4 Bb3 48. Bf4 a5+ 49. Ka3 Ke4 50. Kb2 Kd3 51. Ka1 a3 52. Bg5 a4 53. Bh6 a2 54. Bg5 Ke2 55. Bh6 Kf2 56. Bf4 a3 57. Bb8 Kxe3 58. Bc7 Kxd4 59. Bb8 1/2-1/2